Responses for show #4704 - Thursday, February 3, 2005

2005 Teen Tournament semifinal game 2.

Contestants

[<< previous game]

Caitlin Cook, a sophomore from Arden, North Carolina

Peter Severson, a senior from Sioux Falls, South Dakota

Michael Braun, a junior from Silver Spring, Maryland

[next game >>]

Jeopardy! Round responses

DOWN ON THE FARM
THE SIMPSONS
LET THERE BE LIFE
TEEN CUISINE
STRAIT TALK
GRAMMAR
    $200 18
shearing

Michael
    $200 4
Bart Simpson

Michael
    $200 16
teeth

Michael
    $200 26
Blizzard

Michael
    $200 9
Sicily

Michael
    $200 1
is

Caitlin
    $400 19
bailing

Peter
    $400 5
Itchy & Scratchy

Peter
    $400 17
petals

Peter
    $400 27
JELL-O

Caitlin
    $400 10
Ferdinand Magellan

Peter
    $400 2
(Peter: What is a semicolon?)
[This clue was shown on the 2018-02-06 episode of Fresh Off the Boat which supposedly was taking place in 1998.]

a colon

MichaelPeter
    $600 20
Vitamin D

Michael
    $600 6
Krusty the Clown

Peter
    $600 23
the pancreas

Michael
    $600 28
Cool Whip

Peter
    $600 11
the Strait of Gibraltar

Michael
    $600 3
passive

Peter
    $800 21
(Michael: What is a tractor?)
(Caitlin: What is a thresher?)
(Alex: Uh, no. Because it [*]s all three of those operations, it's called a [*].)

a combine

MichaelCaitlin
Triple Stumper
    $800 7
Waylon Smithers

Michael
    $2,000 24
spores

Michael
    $800 29
grape

Michael
    $800 12
Tasmania

Michael
    $800 14
prepositions

Peter
    $1000 22
(Alex: The green color is the giveaway.)

John Deere

Michael
    $1000 8
Troy McClure

Peter
    $1000 25
a spectacled bear

Triple Stumper
    $1000 30
tofu

Michael
    $1000 13
the Bering Strait

Peter
    $1000 15
a question mark

Peter

Scores at the first commercial break (after clue 15):

Michael Peter Caitlin
$3,000 $5,400 $200

Scores at the end of the Jeopardy! Round:

Michael Peter Caitlin
$8,800 $6,800 -$200

Double Jeopardy! Round responses

U.S. PRESIDENTS
IT'S JUST A GAME
ANNUAL EVENTS
FASHIONABLE STORES
TEENS IN BOOKS
STARTS & ENDS WITH "T"
    $400 2
(Abraham) Lincoln

Michael
    $400 18
poker

Michael
    $400 13
Easter

Michael
    $400 23
Target

Triple Stumper
    $400 1
Heathcliff

Peter
    $400 8
a talent

Peter
    $800 3
43

Peter
    $800 19
(Peter: What is racquetball?)
(Michael: What is doubles?)
(Alex: Be more specific.)
(Michael: Um, squash doubles?)
(Alex: No. If you have Dick and Jane, you have [*]. Men and women.)

mixed doubles

MichaelPeter
Triple Stumper
    $800 14
Leif Ericson

Michael
    $800 24
Nike

Peter
    $800 4
Pants

Caitlin
    $800 9
a teapot

Triple Stumper
    $1200 30
(James K.) Polk

Peter
    $1200 20
(Peter: What is Command & Conquer?)
(Michael: What is Red Alert?)

Medal of Honor

MichaelPeter
Triple Stumper
    $1,000 15
Labor Day

Michael
    $1200 25
American Eagle

Peter
    $1200 5
Kidnapped

Michael
    $1200 10
twilight

Michael
    $4,600 28
(Grover) Cleveland

Peter
    $1600 21
a corner kick

Michael
    $1600 16
Lexington & Concord

Michael
    $1600 26
(Caitlin: What is L.L. Bean?)

Abercrombie & Fitch

Caitlin
Triple Stumper
    $1600 6
Fearless

Triple Stumper
    $1600 11
a thermostat

Michael
    $2000 29
(Herbert) Hoover

Michael
    $2000 22
Go

Peter
    $2000 17
(Caitlin: What is Election Day?)

All Saints' Day

Caitlin
Triple Stumper
    $2000 27
Forever 21

Triple Stumper
    $2000 7
Hans Brinker

Michael
    $2000 12
(Peter: What is a tent?)
(Michael: What is a tenement?)
(Caitlin: What is a testament?)

a tract

MichaelPeterCaitlin
Triple Stumper

Scores at the end of the Double Jeopardy! Round:

Michael Peter Caitlin
$19,000 $14,200 -$5,000

[wagering suggestions for these scores]

Final Jeopardy! Round responses

BIBLICAL NAMES
PeterWho is Noah?
$14,200
MichaelWho is Moses?
$9,401
Moses

Final scores:

Michael Peter Caitlin
$28,401 $0 -$5,000
Finalist 2nd place: $5,000 and a computer package 3rd place: $5,000 and a computer package

Game dynamics:

Coryat scores:

Michael Peter Caitlin
$18,000 $11,200 -$5,000
27 R
(including 2 DDs),
4 W
19 R
(including 1 DD),
4 W
3 R,
4 W

Combined Coryat: $24,200

The J! Archive is created by fans, for fans. The Jeopardy! game show and all elements thereof, including but not limited to copyright and trademark thereto, are the property of Jeopardy Productions, Inc. and are protected under law. This website is not affiliated with, sponsored by, or operated by Jeopardy Productions, Inc. Join the discussion at JBoard.tv.